Quiz dla Geomexa z shorts - Statystyki

Ogólne statystyki
  • Ten quiz został rozwiązany 398 razy
  • Średni wynik to 8 z 16
Statystyki odpowiedzi
Podpowiedz Odpowiedz level % Poprawnych
Państwa Europejskie które mają w swojej nazwie 2 literki U Rumunia/Luksemburg 2
85%
Kraje które wygrały tylko 1 raz mundial Anglia/Hiszpania 1
80%
Państwa Europejskie które mają 2 stolice Holandia/Czarnogóra 4
80%
Państwo Europejskie w którym nigdy nie padał śnieg Malta 3
79%
Jakie Państwo Afrykańskie leży na 2 kontynentach Egipt 14
75%
Najszczęśliwsze Państwo na Świecie Finlandia 9
75%
W jakim Państwie zarobiłbyś najszybciej milion Dolarów Szwajcaria 7
54%
Jakie państwo ma najwięcej koloru zielonego we fladze Arabia Saudyjska 8
45%
Jakie Państwo ma najbardziej czerwoną flagę Maroko 13
45%
W jakich Państwach mółgbyś zniszczyć jedynie swoją flagę ale innych państw już nie Dania/Japonia 11
44%
Jakie Państwo zjadło swojego premiera Holandia 12
42%
Jaki Państwo nie ma swojej stolicy (Bez Szwajcarii) Nauru 15
35%
Jakie drugie Państwo jest najbardziej zbliżone Pod względem powierzchni do Polski Wybrzeże Kości Słoniowej 6
17%
W jakim Kraju grozi największa kara za zniszczenie ich flagi Turcja 10
15%
Jakie Państwa zmieniło jako w 2018 roku zmieniło flage (Afryka) Burundi 16
10%
Jaki Państwo jest najbardziej zbliżone pod względem powierzchni do Czech Panama 5
7%
Nie znaleziono quizów pasujących do podanych kryteriów
Rozkład punktacji
Procent ludzi z każdym wynikiem
Percentyl według liczby udzielonych odpowiedzi
Twoja historia wyników
Nie rozwiązałeś tego quizu